Model praktické logopedické prevence v mateřských školách

Bibliographic Details
Main Authors: Synek, František, 1916- (Author), Damborská, Marie, 1913-1991 (Author)
Format: Article
Language:Slovak
PhysicalDescription:Lit. 6 zázn. v slov., češ., ruš.
Subjects:

MARC

LEADER 00000nab a2200000 a 4500
001 vtls000403377
003 SK-MaSNL
005 20260304170240.0
008 160204c1989 xo 0 slo
015 |a SNBRA19rr/mm-uuuuu 
035 |a CL0403501 
040 |a SNKBUCL  |b slo  |c SNKBUCL  |e AACR2 
041 0 |a slo 
044 |a xo  |c SK 
080 |a 37.013.82:376.36  |2 1981 
080 |a 376.36  |2 1981 
080 |a 373.24  |2 1981 
100 1 |a Synek, František,  |d 1916-  |4 aut  |9 7937 
245 1 0 |a Model praktické logopedické prevence v mateřských školách  |c František Synek ; Marie Damborská 
300 |b Lit. 6 zázn. v slov., češ., ruš. 
650 0 7 |a logopédia  |2 snkbucl  |9 921 
650 0 7 |a materské školy  |2 snkbucl  |9 1278 
655 7 |a články zo zborníkov  |2 snkbucl  |9 166140 
700 1 |a Damborská, Marie,  |d 1913-1991  |4 aut  |9 48357 
773 0 |t Logopedický zborník 8  |d Košice : Východoslovenské vydavateľstvo, 1989 
850 |a Slovenská národná knižnica v Martine  |a MTA001 
852 |a SNK  |b KIS3GCP 
958 |a NB 
958 |a RK 
992 |a RZB 
999 |c 2987828  |d 2989758